Top 100 polskiego rapu na Spotify - Statystyki

Ogólne statystyki
  • Ten quiz został rozwiązany 233 razy
  • Średni wynik to 42 z 99
Statystyki odpowiedzi
Lp Autor/Autorzy Liczba odsłuchań Nazwa utworu % Poprawnych
1 White 2115 108,1 mln California
96%
2 Mata 102,1 mln Kiss cam (podryw roku)
84%
5 Kizo 80,6 mln Disney
81%
33 Mata 57,6 mln Patoreakcja
80%
60 Oki 48,6 mln Jeżyk!
79%
78 Mata 44,3 mln Patointeligencja
75%
12 Mata 71,2 mln Schodki
74%
9 Sobel 76,2 mln Impreza
72%
19 Kizo ft. Bletka 63,7 mln Taxi
72%
3 Guzior 95,5 mln BLUEBERRY
71%
4 Guzior ft. Oskar83 81,5 mln FALA
69%
11 Quebonafide ft. Daria Zawiałow 74,9 mln BUBBLETEA
67%
36 Mata ft. Quebonafide, Malik Montana 57 mln Papuga
67%
16 Mr. Polska 66,2 mln Złote Tarasy
67%
8 Tymek ft. Big Scythe 76,9 mln Język ciała
66%
6 Mata 79,4 mln Szafir
64%
10 ReTo 75,8 mln Billy Kid
62%
17 SB Maffija 65,2 mln Lawenda
62%
46 Taconafide ft. Bedoes 2115 51,8 mln 8 kobiet - Remix
60%
7 Smolasty 77,8 mln Duże Oczy
60%
21 Taconafide 62,9 mln Tamagotchi
60%
20 Tymek ft. Tede, Trill Pem 63 mln Rainman
57%
25 Miszel ft. Kabe 60,7 mln dres
54%
40 ReTo 53,5 mln UA
54%
23 Young Igi 61,4 mln Bestia
53%
47 bambi, Young Leosia 51,6 mln BFF
53%
37 Mata ft. Wyguś, Szczepan, Adam 56,8 mln Gombao 33
53%
69 Young Leosia 46,1 mln Szklanki
53%
70 OIO 45,6 mln Worki W tłum
53%
30 Sobel 58,7 mln Bandyta
52%
14 PRO8L3M 68,7 mln Ground Zero
52%
59 Kinny Zimmer 48,6 mln Rozmazana Kreska
51%
84 Grubson 43,2 mln Na Szczycie
50%
13 Gibbs, Kiełas 70,6 mln Piękny Świat
50%
44 Mata 52,2 mln 100 dni do matury
49%
31 Zeamsone 58,5 mln 5 INFLUENCEREK
49%
81 OIO 43,7 mln Amerykańskie teledyski
49%
18 White 2115 65 mln RiRi
48%
34 Wiatr ft. be vis, Sobel 57,4 mln Testarossa
48%
71 Tymek ft. Big Scythe 45 mln Anioły i Demony
46%
95 SKUTE BOBO 41,5 mln SKUTE BOBO
46%
45 ReTo ft. Avi 51,9 mln BMW
45%
55 Zdechły Osa 49,1 mln Patolove
45%
66 Alberto 47,1 mln Dwutakt
43%
88 Paktofonika 42,7 mln Jestem Bogiem
43%
24 White 2115 61,3 mln Mogę dziś umierać
43%
15 Mata 66,8 mln Szmata
43%
96 Quebonafide ft. ReTo 41,5 mln Half Dead
42%
26 Oki 59,2 mln Jakie To Uczucie?
41%
41 Guzior 53,2 mln Płuca zlepione topami
41%
87 Deemz ft. Bedoes 2115, PlanBe 43 mln Eldorado
40%
22 schafter 61,5 mln hot coffee
40%
28 Malik Montana, DaChoyce 59 mln Jetlag
40%
79 Young Leosia ft. Żabson 44,3 mln Jungle Girl
39%
32 Taco Hemingway ft. Dawid Podsiadło 57,7 mln W PIĄTKI LEŻĘ W WANNIE
39%
74 club2020 44,7 mln Malibu Barbie
38%
53 Chivas, White 2115 49,2 mln Mam Na Twarzy Krew I Tym Razem Nie Jest Sztuczna
38%
50 White 2115 49,8 mln Morgan
37%
49 Blacha 2115 49,9 mln Casablanca
36%
42 Bedoes 2115, Taco Hemingway 53,2 mln Chłopaki nie płaczą
36%
91 MASNY BEN 42 mln COCO
36%
35 Bedoes 2115, Lanek 57,4 mln Jesteś ładniejsza niż na zdjęciach (na zawsze)
36%
29 Tymek 58,9 mln Poza kontrolą
36%
27 Białas, Lanek 59,1 mln Grill u Gawrona
34%
57 Żabson 48,8 mln Sexoholik
34%
72 Żabson 45 mln Floyd Mayweather
33%
65 Malik Montana ft. K Koke 47,7 mln Robie YEAH
33%
43 be vis 52,9 mln surfer
33%
89 bambi 42,7 mln MILLIE WALKY
32%
54 Smolasty, 730 Huncho 49,2 mln Pijemy Za Lepszy Czas
31%
90 OIO 42,3 mln Przypadkiem
31%
39 Bedoes 2115, Lanek ft. Kosa, White 2115 53,9 mln Wschód (lubię zapierdalać)
31%
51 Kukon 49,6 mln Miniówa
29%
94 Bedoes 2115 41,6 mln 1998 (mam to we krwi)
28%
80 SB Maffija 44,1 mln A nie pamiętasz jak?
28%
48 Taco Hemingway 50,8 mln Polskie Tango
27%
56 Mata, White 2115 49 mln La la la (oh oh)
26%
38 Bedoes 2115, Lanek 55,4 mln VOGUE
24%
98 Jan-Rapowanie ft. Szpaku, Guzior 41,3 mln Wybory
24%
62 Gibbs 48,1 mln Stan
23%
75 Bedoes 2115 44,6 mln 05:05
22%
83 Alberto ft. Josef Bratan 43,3 mln La Manga
22%
58 Żabson ft. Kizo, ZetHa 48,7 mln Puerto Bounce
22%
77 Białas ft. Mata 44,4 mln Drift
21%
82 Pezet 43,4 mln Magenta
21%
68 Taco Hemingway 46,3 mln Następna stacja
21%
67 Kizo ft. Wac Toja 47 mln Nasze Lato
21%
52 Miyo, Tymek 49,3 mln Będzie Lepiej
20%
61 Mata 48,5 mln JESTEM POJ384NY
20%
85 Kuban 43,2 mln na okrągło
20%
76 White 2115 44,4 mln Noc
20%
93 Jan-Rapowanie ft. Holak 41,6 mln Układanka
20%
73 Favst, Gibbs ft. Kukon 45 mln halo
18%
92 Malik Montana ft. Diho, Alberto, Bibič 41,9 mln Rundki
18%
86 Bedoes 2115 ft. White 2115 43 mln BEDOESIARA
17%
99 Bedoes 2115, White 2115 ft. Taco Hemingway 41,2 mln DRESSCODE
14%
97 Mata 41,4 mln Żółte flamastry i grube katechetki
13%
64 Favst, Gibbs 47,7 mln ztb
11%
100 Taco Hemingway 41,1 mln LECI NOWY FUTURE
7%
Nie znaleziono quizów pasujących do podanych kryteriów
Rozkład punktacji
Procent ludzi z każdym wynikiem
Percentyl według liczby udzielonych odpowiedzi
Twoja historia wyników
Nie rozwiązałeś tego quizu